| 000 | 005100000a22001810004500 | ||
|---|---|---|---|
| 003 | MACL | ||
| 005 | 20160420135339.0 | ||
| 008 | 160420b xxu||||| |||| 00| 0 eng d | ||
| 040 |
_aMACL _cMACL |
||
| 041 | _aHindi | ||
| 082 | _a100 | ||
| 100 |
_aओशो _948101 |
||
| 245 | _aजस पनिहार घरे सिर गागर | ||
| 260 |
_bडायमंड बुक्स _c2006 _aनई दिल्ली |
||
| 350 | _a300 | ||
| 650 |
_aPhilosophy _952898 |
||
| 942 |
_cHIN _k100 _2ddc |
||
| 999 |
_c19109 _d19109 |
||